000 01227cam a2200349Ia 4500
999 _c4638
_d4638
001 470259
003 GBCCL
005 20241126110523.0
008 880302q19001988flu 000 0 eng d
035 _a(OCoLC)ocm17564760
035 _a(OCoLC)17564760
040 _aWTS
_beng
_cWTS
_dOCLCG
_dOCLCQ
_dOCLCF
_dOCLCQ
_dOCLCO
_dOCL
_dLBB
049 _aLBBC
050 4 _aBT135
_b.S68 1900z
082 0 4 _a231.7
_bSPU
100 1 _aSpurgeon, C. H.
_q(Charles Haddon),
_d1834-1892.
_9222
245 1 0 _aSpurgeon on the providence of God /
_cC.H. Spurgeon.
260 _aMacDill AFB, Fla. :
_bTyndale Bible Society,
_c[19--]
300 _a105 pages ;
_c22 cm
336 _atext
_btxt
_2rdacontent
337 _aunmediated
_bn
_2rdamedia
338 _avolume
_bnc
_2rdacarrier
648 7 _a1800-1899
_2fast
_98527
650 0 _aProvidence and government of God.
_94757
650 0 _aBaptists
_vSermons.
_9464
650 0 _aSermons, English
_y19th century.
_92859
650 7 _aBaptists.
_2fast
_0(OCoLC)fst00827285
_92887
650 7 _aProvidence and government of God.
_2fast
_0(OCoLC)fst01080657
_94757
650 7 _aSermons, English.
_2fast
_0(OCoLC)fst01113250
_91092
655 7 _aSermons.
_2fast
_0(OCoLC)fst01423904
_96402
942 _2ddc
_cBK